Cricket: Most ODI Wickets in a Calendar Year - Statistics

General Stats
  • This quiz has been taken 16 times
  • The average score is 20 of 26
Answer Stats
Country Year Wickets Average Answer % Correct
PAK 1996 60 22.46 Waqar Younis
100%
PAK 2002 52 27.38 Waqar Younis
100%
PAK 1990 47 12.63 Waqar Younis
100%
IND 1996 61 20.24 Anil Kumble
93%
AUS 1999 52 18.90 Glenn McGrath
93%
SL 2001 56 18.19 Muttiah Muralitharan
93%
AUS 1999 62 23.27 Shane Warne
93%
AUS 1994 50 20.90 Shane Warne
93%
SA 2000 61 21.62 Shaun Pollock
93%
SA 2002 54 23.59 Shaun Pollock
93%
AFG 2018 48 14.45 Rashid Khan
87%
SA 1996 51 15.43 Allan Donald
80%
AUS 2005 51 19.94 Brett Lee
80%
SL 2008 48 10.12 Ajantha Mendis
73%
PAK 1997 69 18.73 Saqlain Mushtaq
73%
PAK 1996 65 19.52 Saqlain Mushtaq
73%
PAK 2013 52 21.46 Junaid Khan
67%
SL 2011 48 19.25 Lasith Malinga
67%
SL 2012 47 32.08 Lasith Malinga
67%
SA 2002 50 23.92 Makhaya Ntini
67%
IND 2013 52 25.40 Ravindra Jadeja
60%
PAK 2013 62 20.45 Saeed Ajmal
60%
BAN 2006 49 20.46 Mashrafe Mortaza
53%
IND 1998 58 23.75 Ajit Agarkar
47%
IND 2004 47 26.38 Irfan Pathan
40%
PAK 2000 61 22.45 Abdul Razzaq
33%
No matching quizzes found
Score Distribution
Percent of People with Each Score
Percentile by Number Answered
Your Score History
You have not taken this quiz